Lịch sử và địa lí 4

محفوظ في:
التفاصيل البيبلوغرافية
المؤلف الرئيسي: Nguyễn, Anh Dũng
مؤلفون آخرون: Nguyễn, Tuyết Nga
التنسيق: كتاب
اللغة:Undetermined
منشور في: H. Giáo dục 2007
الموضوعات:
الوصول للمادة أونلاين:http://lrc.tdmu.edu.vn/opac/search/detail.asp?aID=2&ID=4581
الوسوم: إضافة وسم
لا توجد وسوم, كن أول من يضع وسما على هذه التسجيلة!
Thư viện lưu trữ: Trung tâm Học liệu Trường Đại học Thủ Dầu Một
LEADER 00663nam a2200193Ia 4500
001 TDMU_4581
008 210410s9999 xx 000 0 und d
082 |a 372.89 
090 |b NG525 
100 |a Nguyễn, Anh Dũng 
245 0 |a Lịch sử và địa lí 4 
260 |a H. 
260 |b Giáo dục 
260 |c 2007 
300 |a 160tr 
650 |a Lịch sử  |x Giảng dạy và học tập; Địa lý  |x Giảng dạy và học tập; Sách lớp 4 
700 |a Nguyễn, Tuyết Nga 
856 |u http://lrc.tdmu.edu.vn/opac/search/detail.asp?aID=2&ID=4581 
980 |a Trung tâm Học liệu Trường Đại học Thủ Dầu Một